[Event "Match"]
[Site "Prague CZE"]
[Date "2006.08.10"]
[Round "2"]
[White "Gelfand, B."]
[Black "Navara, D."]
[Result "0-1"]
[WhiteElo "2729"]
[BlackElo "2719"]
[Annotator "František Štross"]
[PlyCount "167"]
[EventDate "2006.08.09"]

1. d4 Nf6 2. c4 e6 3. g3 c5 4. Nf3 cxd4 5. Nxd4 Bb4+ 6. Bd2 Bc5 7. Nb3 Be7 8.
Bg2 Nc6 9. Nc3 b6 10. Nd5 $5 {
Zajímavá novinka, která vsak bílému moc nepøinese.} ({
V partii Zhidkov - Vasiesiu, Centrocoop 1999 se hrálo} 10. Bf4 Bb7 11. Nb5 Bb4+
12. Kf1 {s nejasnou hrou.}) 10... Ba6 ({Slo i} 10... exd5 11. cxd5 Bb7 12. dxc6
dxc6 {se zhruba vyrovnanou hrou.}) 11. Nxe7 Qxe7 12. Rc1 Rc8 13. c5 O-O 14. O-O
d5 $1 {Tímto èerný minimálnì vyrovnává.} 15. cxd6 Qxd6 {Bílý má sice dvojici
støelcù, ale èerný má náskok ve vývinu a tlak na centrálních sloupcích.
Nepohodlné postavení se Gelfand snazí vyøesit následující obìtí pìsce, ale
David pøesvìdèivì dokáze, ze obì není zcela korektní.} 16. Bg5 Qxd1 17. Rfxd1
Bxe2 $1 18. Rd2 Bb5 19. Rdc2 Nd5 $1 {
Tímto pøesným tahem si èerný zajis uje pøevahu.} 20. Bd2 ({Pointou je} 20. Nd4
Nxd4 $1 21. Rxc8 Ne2+ 22. Kh1 Nxc1 23. Rxc1 f6 24. Bd2 Rd8 $17) 20... Nde7 21.
h3 Rfd8 22. Be3 Kf8 23. Kh2 Nb4 24. Rxc8 Rxc8 25. Rxc8+ Nxc8 {Èerný má pìsce
navíc, ale vzhledem ke dvojici støelcù bílého není úloha èerného jestì tak
snadná. David se vsak svého úkolu zhostí mistrnì a pøedvede vynikající
techniku.} 26. Nd4 Bc4 27. a3 Nd3 28. b3 Bd5 29. Bf1 Nc5 30. b4 Ne4 31. a4 Nc3
32. a5 Nd1 33. Bf4 Ke7 34. Kg1 Nc3 35. Bb8 Bb7 36. Be5 Na2 $1 ({Po} 36... f6 {
by bílý znehodnotil èernému pìscovou strukuru dvojpìscem.} 37. Nf5+ $1 exf5 38.
Bxc3) 37. axb6 f6 38. Bb8 axb6 39. b5 Nc3 40. f4 Nd6 41. g4 Be4 42. Kf2 Kd7 43.
f5 $5 exf5 44. gxf5 Nxf5 45. Nxf5 Bxf5 46. Ke3 Nd5+ 47. Kd2 Nc7 48. Ba7 Nxb5
49. Bxb6 {Èerný má èisté dva pìsce navíc, ale materiálnì je jiz postavení dost
zjednodusené a tak není výhra èerného jestì tak snadná.} Nd6 50. Ke3 Be6 51.
Kf2 h5 52. Kg3 g5 53. Kh2 h4 54. Bd4 Ke7 55. Be2 Kf7 56. Bh5+ Kg7 57. Bf3 Nc4
58. Be2 Ne5 59. Bc3 Ng6 60. Bd2 Ne5 61. Bc3 Bd5 62. Bb2 Kg6 63. Kg1 Kf5 64. Kf2
Ke4 65. Bf1 Be6 66. Bc3 Kf5 67. Bg2 Kg6 68. Kg1 Bf5 69. Kh2 Nd3 70. Bf1 Nf4 71.
Bd2 Bd3 $1 {Správnì se nebojí nestejných støelcù.} 72. Bxf4 Bxf1 73. Bc7 f5 74.
Bd8 f4 75. Be7 f3 76. Bc5 Kf6 77. Bd4+ Ke6 78. Bb6 Ke5 79. Bd8 Bxh3 $1 {
Závìreèná paráda výbornì sehrané partie.} 80. Kxh3 g4+ 81. Kh2 g3+ 82. Kg1 f2+
83. Kf1 Ke4 84. Bxh4 0-1

[Event "Match"]
[Site "Prague CZE"]
[Date "2006.08.09"]
[Round "1"]
[White "Jackova, J."]
[Black "Hort, V."]
[Result "1-0"]
[WhiteElo "2403"]
[BlackElo "2512"]
[Annotator "František Štross"]
[PlyCount "121"]
[EventDate "2006.08.09"]

1. e4 e6 2. d4 d5 3. Nc3 Bb4 4. e5 b6 5. a3 ({
Jiøí Dufek ve známé publikaci "Bijte Francouzskou!" doporuèuje} 5. Qg4) 5...
Bf8 6. f4 $5 {Tento tah pøipomnìl hlavnímu komentátorovi zápasu Lubosi
Kaválkovi jednu ze svých slavných proher s Davidem Bronstejnem z turnaje v
Amsterodamu 1968, kterou posléze demonstroval divákùm v komentátorském sále.
Bílý si zpevòuje støed a sází na prostorovou pøevahu na královské køídle,
èerný plánuje výmìnu bìlopolných støelcù a hru po bílých polích.} g6 {
Mozná dokonce jiz novinka, která vsak plnì zapadá do strategie èerného.} 7. Nf3
h5 8. Be3 Nh6 9. Bd3 Be7 10. Qd2 Ba6 11. Bxa6 Nxa6 12. Nd1 c5 13. c3 Nb8 14.
O-O Nd7 ({Velmistøi v komentátorském sále Kaválek s Ftáènikem se pøimlouvali
za zablokování dámského køídla po} 14... c4 {s optimistickým hodnocením pro
èerného. Marek Vokáè si tím vsak nebyl úplnì jist a z vlastních zkuseností s
podobnými typy pozic, upozornil na nepøíjemný (a vlastnì i jediný) plán bílého
- g3, h3 s pøípravou postupu g4.}) 15. Bf2 {
Bilá plánuje 16.c4 dxc4 17.d5!, èemuz èerný svým následujícím tahem zabraòuje.}
b5 16. Qe2 ({Marek Vokáè zde navrhl} 16. dxc5 {, coz se vùbec nelibilo Lubosi
Ftacnikovi, který naopak chválil tah bílé s poznámkou, ze koneènì jiz alespoò
jedna bílá figura kontroluje bílá pole...}) 16... a6 {
Pøesnìjsí asi bylo zahrát tah c4 okamzitì.} 17. Ne3 c4 18. h3 {
Bílá pomalu pøipravuje svùj hlavní strategický zámìr - postup g4.} Nf5 19. g4
Nxe3 20. Qxe3 Nb6 21. Bg3 ({
Ze poèítaèe podobným pozicím vùbec nerozumìjí, dokazuje jejich návrh} 21. g5 $4
{, který je ze strategického hlediska naprosto sílený.}) 21... Kd7 {Celkem logi
cky odklízí krále z nebezpeèné zóny a spojuje tìzké figury na osmé øadì.} 22.
Kf2 Qg8 23. f5 hxg4 24. hxg4 gxf5 25. gxf5 Na4 26. Rab1 Qh7 27. f6 {Velice nepø
íjemný postouplý pìsec, který tísní královské køídlo èerného a fixuje moznou
slabinu na f7. Navíc zahání èerného støelce na osmou øadu, èímz znemozòuje
èernému spojení tìzkých figur.} Bf8 28. Bf4 Bh6 $6 {
Na oslabení pole g7 spolu se slabinou f7 èerný nakonec doplatí.} ({Lepsí bylo} 
28... Qf5 {s nejasnou hrou.}) 29. Bxh6 Qxh6 30. Qxh6 Rxh6 31. Rg1 Rf8 $2 {
Velice nevzhledný a pasivní tah.} ({Po} 31... Rah8 32. Rg7 R6h7 {
by byla pozice zhruba vyrovnaná.}) 32. Rg2 (32. Rg7) 32... a5 33. Ke3 Kc6 34.
Rg7 b4 {V oboustranné èasové tísni sází èerný vse na protihru na dámském
køídle, ale bílá bude na druhé stranì sachovnice mnohem nebezpeènìjsí.} ({
Pokud by se èerný vrátil k pasivní obranì po} 34... Kd7 35. Ng5 Ke8 {, tak je v
elice nebezpeèná obì figury, kterou v komentátorské místnosti doporuèoval
velmistr Ftáènik.} 36. Nxe6 $1 fxe6 37. Re7+ Kd8 38. Rxe6 $16) 35. axb4 axb4
36. cxb4 Rh3 37. Kf4 Kb5 38. Kg4 Rhh8 39. b3 Nc3 40. bxc4+ dxc4 41. Ra1 Nd5 42.
Ng5 c3 43. Nxf7 Rhg8 44. Ng5 Ne3+ 45. Kh5 Rh8+ 46. Kg6 Rh2 47. Nxe6 Rfh8 48.
Ng5 c2 49. Rh7 Rg8+ 50. Kf7 Ra8 {Èerný se jestì vynalézavì brání, ale spojení
bílí pìsci za podpory krále musí partii rozhodnout ve prospìch bílé.} 51. Rc1
Rd2 52. e6 Rd1 53. Rxc2 Nxc2 54. e7 Re1 55. Ne6 Kc6 56. Rh5 Kd6 57. Re5 Rf1 58.
Nd8 Ra7 59. Kg7 Rg1+ 60. Kf8 Rf1 61. Nf7+ 1-0

[Event "ch-Euro Senior"]
[Site "Davos SUI"]
[Date "2006.08.09"]
[Round "5"]
[White "Korchnoi, V."]
[Black "Jansa, Vl"]
[Result "0-1"]
[WhiteElo "2600"]
[BlackElo "2482"]
[Annotator "František Štross"]
[PlyCount "96"]
[EventDate "2006.08.05"]

1. Nf3 g6 2. e4 Bg7 3. d4 d6 4. c3 Nf6 5. Qc2 O-O 6. Be2 c5 7. dxc5 dxc5 8. Bf4
Nh5 $1 9. Be3 Qc7 {Zajis uje èernému jezdci usazení na atraktivním poli f4.}
10. O-O Nf4 11. Bc4 {Dvojici støelcù bílý vydat nechce.} Nd7 12. Re1 b6 13.
Nbd2 Bb7 14. a4 a6 {Aby na 15.a5?! reagoval tahem 15..b5.} 15. Qb3 e6 16. Rad1
Rab8 17. Bf1 Rfd8 {Výborným rozehráváním partie je Vlastimil Jansa povìstný a
tak není divu, ze celkem bezpeènì vyrovnal.} 18. Qc2 Nf6 19. h3 Rd7 20. Bxf4
Qxf4 21. e5 Ne8 22. Bd3 Rbd8 ({Zajímavou mozností bylo zaktivizování jezdce po
} 22... Nc7 23. Be4 Nd5 {. Na pøípadné c4 má totiz k dispozici pole b4.}) 23.
Be4 h5 24. Bxb7 Rxb7 25. Re4 Qh6 26. Nc4 Rdb8 27. h4 {
S ideou Jg5 a uvìznìním èerné dámy.} b5 28. Na5 Rc7 29. Ng5 {Zdá se, ze èerný
má se svými figurami potíze, ale ten nalezne vhodné pøeskupení.} Bf8 $1 {
S ideou pøevést støelce na e7 a jezdce pøes g7 na krásné pole f5.} 30. Re2 Be7
31. f4 Ng7 32. Red2 Nf5 33. Qe4 Nxh4 34. Nh3 $2 ({Správné bylo} 34. Nc6 {
, naèez by èerný asi musel obìtovat kvalitu} Rxc6 $1 (34... Rf8 35. axb5 axb5
36. Nxe7+ Rxe7 37. Qc6 $18 {
s aktivními figurami bílého a uzavøenou èernou dámou je beznadìjné.}) 35. Qxc6
Bxg5 36. fxg5 Qxg5 {s kompenzací.}) 34... Qf8 35. Nc6 Rbc8 36. Nxe7+ Qxe7 37.
Rd6 Nf5 38. Rxa6 Rd7 39. Rxd7 Qxd7 40. Kh2 bxa4 {
Èerný má pìsce a stojí velice dobøe.} 41. Ng5 c4 $1 42. Qf3 Kg7 43. Ne4 Qb7 44.
Rxa4 Qxb2 45. Rb4 Qc2 46. Ng5 Rc7 {Na sedmou øadu bílou vìz samozøejmì nepustí.
} 47. Rb8 Nh6 $1 {
Rozhodující tah, pøevod jezdce na g4 je pro bílého krále smrtící.} 48. Kh3 (48.
Rd8 {by jestì odpor trochu prodlouzilo.}) 48... Rd7 {Proti Vd3 není obrany.}
0-1

[Event "Rubinstein Mem"]
[Site "Polanica Zdroj POL"]
[Date "2006.08.23"]
[Round "4"]
[White "Czarnota, P."]
[Black "Laznicka, V."]
[Result "0-1"]
[WhiteElo "2547"]
[BlackElo "2602"]
[Annotator "František Štross"]
[PlyCount "70"]
[EventDate "2006.08.20"]

1. e4 e6 2. d4 d5 3. Nd2 dxe4 4. Nxe4 Nd7 5. Nf3 Ngf6 6. Bd3 Nxe4 7. Bxe4 Nf6
8. Bg5 Qd6 $1 {Pøesný tah, po kterém encyklopedie slibuje èernému vyrovnání.}
9. Bd3 (9. Bxf6 gxf6 10. O-O f5 11. Bd3 Bg7 12. Qe2 O-O 13. Rad1 c5 14. c3 b6
15. Ba6 Bxa6 16. Qxa6 Rfd8 17. Qe2 $11 {Anand - Speelman, Linares 1991}) 9...
b6 10. Ne5 (10. Qe2 Bb7 11. O-O Be7 12. Ba6 Bxa6 13. Qxa6 O-O $11 {
Sutovski - Managadze, Aghia Pelagia 2004}) 10... Bb7 11. c3 a6 ({
Braní na g2 bylo nebezpeèné, jak ukazuje následující varianta} 11... Bxg2 12.
Qa4+ c6 13. Rg1 Be4 14. Bxf6 Bxd3 15. Bxg7 Rg8 16. Bxf8 $1 Rxg1+ 17. Kd2 Kxf8
18. Rxg1 Bf5 19. Qxc6 $16) 12. Qe2 Be7 ({Nyní jiz stálo} 12... Bxg2 {
za úvahu. Po} 13. Rg1 Bb7 14. O-O-O {má bílý kompenzaci, ale nic konkrétního.})
13. O-O-O h6 14. Bf4 Nd5 15. Bg3 Qd8 16. Kb1 O-O {
Opaèné rosády dávají tusit ostrý boj.} 17. f4 Bd6 18. h4 b5 19. h5 c5 20. dxc5
Bxc5 21. Ng4 Qa5 22. Bc2 Rad8 23. Bh4 Be7 $1 {
Èerný následující zápletky odhadl mnohem lépe nez bílý.} 24. Rxd5 Bxd5 25. Bxe7
Qxa2+ 26. Kc1 Bc4 $1 27. Nxh6+ Kh8 {
Kritická pozice. Bílý má nyní nìkolik moznosti.} (27... gxh6 $4 28. Qg4+ Kh8
29. Bf6#) 28. Qe3 $2 {Rozhodující chyba.} (28. Bxf8 Bxe2 29. Nxf7+ Kg8 30. Nxd8
Kxf8 $17) (28. Bb1 Qxb1+ 29. Kxb1 Bxe2 30. Nxf7+ Rxf7 31. Bxd8 Rxf4 $15) ({
Správné bylo} 28. Nxf7+ $1 Rxf7 29. Rd1 $1 Qa1+ 30. Bb1 Rxd1+ 31. Qxd1 Rf5 32.
Qd8+ Kh7 33. Qe8 Bd3 34. Qg6+ Kh8 35. Qe8+ {s vìèným sachem. Ale spoèítat
takovou variantu v praktické partii je mimoøádnì obtízné. Zvlás pokud byl bílý
v èasové tísni.}) 28... Qa1+ 29. Bb1 Bd3 30. Qxd3 {Smutná nutnost.} Rxd3 31.
Bxf8 gxh6 32. Bxh6 b4 33. Bg5 bxc3 34. Bf6+ Kg8 35. h6 {
Jestì staèil pohrozit matem, ale èerný je rychlejsí...} Qxb2# 0-1

[Event "RC Sport Open II 2006"]
[Site "CZE, Ceska Trebova"]
[Date "2006.08.28"]
[Round "4.5"]
[White "Haba, Petr"]
[Black "Kanovsky, David"]
[Result "1-0"]
[WhiteElo "2514"]
[BlackElo "2368"]
[Annotator "František Štross"]
[PlyCount "87"]
[EventDate "2006.08.26"]

1. d4 Nf6 2. c4 e6 3. Nf3 c5 4. d5 exd5 5. cxd5 d6 6. Nc3 g6 7. g3 Bg7 8. Bg2
O-O 9. O-O Qe7 10. Nd2 Nbd7 11. a4 Nh5 12. Nc4 ({Za pøipomenutí stojí hezká
miniaturka naseho bývalého reprezentanta hraná pøed více nez 30-ti lety.} 12.
e4 Ne5 13. Qe2 f5 14. f4 Ng4 15. Nc4 fxe4 16. Nxe4 Bd4+ 17. Kh1 Rd8 18. Bd2 Bf5
19. Rae1 Qg7 20. Qf3 Nhf6 21. Ng5 Re8 22. Rxe8+ Rxe8 23. Nxd6 Ne4 24. Ndxe4
Rxe4 25. Nxe4 Nxh2 {
Zdá se, ze èerný má pravdu, protoze po braní jezdce by pøislo Dh6+ s matem.}
26. Nf6+ $1 {Úèinné a elegantní vyvrácení.1:0 Hort - Nunn, Hastings 1975})
12... Ne5 13. Nxe5 Bxe5 14. Bh6 Ng7 (14... Re8) 15. Qd2 f5 $2 {Vede pouze k
oslabení pozice a následující postup bílého v centru tak jestì získá na síle.}
({Doporuèil bych spíse vyèkávací} 15... Bd7) 16. Rae1 Bd7 17. f4 Bf6 18. e4
Bd4+ 19. Kh1 Bxc3 {Smutná nutnost.} ({Po} 19... fxe4 20. Nxe4 {
je èerný bezmocný proti odskokùm jezdce e4}) ({a na} 19... Rfe8 {
má bílý pìkný taktický prùlom v centru} 20. e5 $1 dxe5 21. fxe5 Bxe5 22. d6 $1
Qxd6 23. Rxe5 $1 Qxe5 24. Qxd7 $16) 20. Qxc3 fxe4 21. Rxe4 Qf7 22. h3 {
Pomalu chystá útok proti oslabenému èernému králi.} Rfe8 23. Rxe8+ Rxe8 24. g4
Bxa4 {Kdyz trpìt, tak alespoò za pìsce.} 25. f5 (25. Ra1 Bb5 26. Rxa7 Ba6 {
s uzavøením bílé vìze.}) 25... gxf5 26. gxf5 Re5 (26... Nxf5 $2 27. Rxf5) 27.
Rg1 Qf6 28. Bd2 {Støelec míøí na dlouhou diagonálu.} Kf7 $6 (28... Qxf5 29. Qa5
{s kompenzací.} (29. Qg3 $5)) 29. Qa5 Qh4 30. Bc3 b6 31. Qxa7+ Re7 32. Qxe7+ $5
{Pùsobivá obì dámy, za kterou získá bílý vìz, figuru a nebezpeènì postouplého
pìsce.} ({Ale objektivnì lepsí bylo asi} 32. Qxb6 {napø.} Nxf5 33. Rf1 Kg6 (
33... Bd7 34. Qxd6 $16) 34. Rxf5 $1 Kxf5 35. Qxd6 {
a èerný se, zvlástì v praktické partii, tìzko mùze ubránit.}) 32... Kxe7 $2 ({
Po lepsím} 32... Qxe7 33. f6 Qe3 34. fxg7 Bb5 {
není vidìt, jak mùze bílý pozici zesílit.}) 33. f6+ Kf7 34. fxg7 Bb5 {
Aby zabránil tahu Vf1. Bílá vìz si ale stejnì najde cestu do èerného tábora.}
35. Ra1 Qd8 (35... Qe7 36. Ra8 Be8 37. Bf3 $1 Qg5 38. g8=Q+ $1 Kxg8 (38... Qxg8
39. Bh5+ $18) 39. Rxe8+ Kf7 40. Re6 $18) 36. Bf3 Bc4 37. b3 Bxb3 38. Rf1 Kg8
39. Be4 b5 40. Kh2 ({Jestì slo partii zkazit, po neopatrném} 40. Bxh7+ $4 Kxh7
41. Rf8 {má èerný} Bxd5+ {se sachem. Nyní uz proti braní na h7 není obrany.})
40... b4 41. Ba1 c4 42. Bd4 c3 43. Bxh7+ Kxh7 44. Rf8 1-0

[Event "1.ceska liga"]
[Site "?"]
[Date "2006.10.29"]
[Round "1"]
[White "Stross, Frantisek "]
[Black "Tuma, Jiri"]
[Result "1/2-1/2"]
[WhiteElo "2306"]
[BlackElo "2301"]
[Annotator "Frantisek Stross"]
[PlyCount "158"]
[EventDate "2000.12.02"]

1. e4 e5 2. Nf3 Nc6 3. Bb5 a6 4. Ba4 {Na vymennou spanelku jsem samozrejme
nezanevrel, ale verim, ze obcasnym hranim klasickych systemu se prohloubi moje
celkove sachove porozumeni. Navic souperi uz to budou mit s pripravou tezsi.
IM Hausner mi kdysi sdelil, ze jednim z duvodu, proc se nestal velmistrem bylo,
ze do sveho (jinak velice sirokeho) repertoaru nikdy nezaradil prave
spanelskou.} Nf6 5. O-O b5 6. Bb3 Be7 7. Re1 d6 8. c3 O-O 9. h3 Na5 {Souper vzd
y hraje tento tzv. Cigorinuv system, takze priprava byla dosti zjednodusena.}
10. Bc2 c5 11. d4 Qc7 12. Nbd2 Nc6 ({Popularnejsi je} 12... cxd4 {Nyni ziska
ly prijemnou prostorovou prevahu. Cerna pozice je vsak velice solidni a pevna.}
) 13. d5 Nd8 {
Hlavni ideou cerneho je postavit obranne postaveni pomoci g6, Je8-g7, f6 a Jf7.
} 14. a4 {Bily musi nejprve vyjasnit situaci na damskem kridel, aby pozdeji
pri utoku na opacne strane sachovnice nebyl rusen souperovou protihrou .} Rb8
15. axb5 axb5 16. b4 {Ideou tohoto tahu je znemozneni planu c5-c4 s dalsim
Jd8-b7-c4. Soucasne bily pripravuje  uvolneni diagonaly g1-a7 pro sveho
strelce.} c4 ({Ve slavne partii Karpov - Unzicker, Nice 1974 se hralo} 16...
Nb7 {a bily po skvele pozicni hre vyhral. Pro svou instruktivnost zde celou
partii uvedu.} 17. Nf1 Bd7 18. Be3 Ra8 19. Qd2 Rfc8 20. Bd3 g6 21. Ng3 Bf8 22.
Ra2 c4 23. Bb1 Qd8 24. Ba7 $1 Ne8 25. Bc2 Nc7 26. Rea1 Qe7 27. Bb1 Be8 28. Ne2
Nd8 29. Nh2 Bg7 30. f4 f6 31. f5 g5 32. Bc2 $1 Bf7 33. Ng3 Nb7 34. Bd1 h6 35.
Bh5 Qe8 36. Qd1 Nd8 37. Ra3 Kf8 38. R1a2 Kg8 39. Ng4 $1 Kf8 40. Ne3 Kg8 41.
Bxf7+ Nxf7 42. Qh5 Nd8 43. Qg6 $1 Kf8 44. Nh5 {1:0}) 17. Nf1 Ne8 18. N3h2 {
Priprava postupu f2-f4.} g6 19. f4 exf4 {Cerny odbocuje od sve partie proti
Zvarovi z letosniho uzavreneho IM turnaje v Olomouci.} ({Tehdy hral} 19... f6)
20. Bxf4 f6 21. Nf3 Ng7 22. Qd2 Nf7 23. Nd4 {Vymenou na f4 ziskal cerny sice
pekne pole e5 pro sveho jezdce, ale zaroven daroval bilemu jezdci nemene hezke
pole d4.} Bd7 24. Ra5 Qb7 25. Ne3 Bd8 $1 $146 {Novinka a zaroven asi nejlepsi
tah v pozici. Cerny zahani aktivni bilou vez a zaroven prevadi sveho
cernopolneho strelce na pekne pole b6. Je videt, ze souper ma pozici dobre
obehranou.} ({V partii Einarsson - Bjarnason, Reykjavik 1988 se hralo} 25...
Ra8 26. Nc6 $1 Bxc6 27. dxc6 Qb6 (27... Qxc6 28. Qd5 Qxd5 29. Nxd5 Rae8 30.
Rxb5 $18) 28. Kh1 Rxa5 29. Nd5 $1 Qd8 30. bxa5 Re8 31. Ra1 Qc8 {a nyni Chalifma
n a jeho tym ve sve knize "Opening for White according to Anand" uvadi} 32. a6
$1 Qxc6 33. a7 Kf8 34. Bh6 {a cerny ztraci figuru, protoze musi kontrolovat
pole a8 a jeho figury jsou pretizene. O tahu 25..Sd8! vsak ve vyse uvedene
knize neni ani zminka...}) 26. Ra3 ({Ted bych hral spis} 26. Ra2 {
s ideou Vf1, Sd(b)1, De1, Vaf2.}) 26... Bb6 27. Rea1 $2 {Sablonovity a
bezplanovity tah. Obsazeni a-sloupce k nicemu nevede. Za prve zde neni zadny
bod vniku a za druhe cerny muze na volnem sloupci bez problemu oponovat.} ({
Lepsi bylo} 27. Rf1 Ra8 28. Rxa8 Rxa8 29. Bh2 {s tlakem po f-sloupci.}) 27...
Ra8 28. Bd1 {Na c2 bily strelec moc perspektiv nemel.} Rxa3 29. Rxa3 Re8 $1 {
Lepsi nez} (29... Ra8 {po cemz by se vymenil zbyvajici par vezi a partie by
pravdepodobne skoncila rychlou remizou.}) 30. Bf3 Ne5 31. Kh2 Qc8 32. Qd1 h5 {
Bere bilym figuram pole g4.} ({Zajimavou moznosti vsak bylo} 32... f5 $5 33.
exf5 Nd3 $5 {s neprehlednou a dosti nejasnou hrou.}) 33. Ra2 g5 $5 (33... f5)
34. Bxe5 fxe5 35. Ndc2 h4 ({Zde mel cerny zkusit} 35... Rf8 $1 {pricemz po} 36.
Bxh5 {je velice nadejna pocitacova obet} Bxh3 $1 {
Pro bileho je pak asi lepsi obet neprijimat a hrat} 37. Bg4 (37. gxh3 Rf2+ 38.
Ng2 Qf8 {je pro bileho velice nebezpecne}) 37... Bxg4 38. Qxg4 {
i kdyz i pak je pozice cerneho prijemnejsi.}) 36. Qa1 Rf8 37. Ra6 Qd8 ({
Cekal jsem spis} 37... Qb7) 38. Bg4 Bxg4 39. hxg4 Kh7 40. Nf5 {
Nutne prehrazeni f-sloupce, protoze jinak by prislo Vf4.} Nxf5 41. gxf5 {
Po skonceni casove kontroly se mi pozice zacinala docela libit. Cerny vsak
nalezl silnou protihru.} g4 $1 42. Qd1 Rg8 43. Qe2 Bf2 $1 44. Kh1 Bg3 45. Ne3
Qg5 46. Kg1 {Pocitace tento tah schvaluji, v rohu nestal bily kral dobre.} ({
Neslo} 46. Rxd6 $2 Ra8 $19 {a hrozby na slabe prvni rade jsou rozhodujici.})
46... h3 47. Ra1 ({Po} 47. Nf1 {se mi nelibilo} Qc1 {
Proto nejprve stazeni veze na prvni radu.}) 47... hxg2 $2 ({Po spravnem} 47...
Qh4 48. Nf1 Bf4 $1 {by cekala bileho jeste neprijemna obrana.}) 48. Kxg2 Bf4
49. Rh1+ Kg7 50. Nf1 $2 ({Zde jsem nesmyslne ztratil cas pocitanim varianty} 
50. Qa2 $4 Bxe3 51. Qa7+ {, nez mi doslo, ze strelec z e3 kryje pole a7...
Potom jsem chvili koukal na 50.f6+ s ideou umistit na f5 skveleho jezdce.
Bohuzel cas se zkratil na neunosnou miru a tak jsem rychle zahral pasivni tah
v partii, po kterem ma bily razem velke problemy. Pritom po spravnem}) (50. f6+
$1 {je to naopak cerny, ktery by mel tezko resitelne problemy. Napr.} Qxf6 51.
Nf5+ Kg6 52. Rh4 Qf8 53. Qf2 $1 $40) 50... Ra8 51. Nh2 $2 ({Lepsi bylo} 51. Qf2
{s sancemi na preziti. Ale jiz se pomalu zacala hrat vecna blicka, takze
zakonite prisly chyby. Oboustranne...}) 51... Ra3 52. Qb2 Ra4 $2 ({Po} 52...
Rb3 $1 {jsem chtel hrat} 53. Qa2 {, ale zde cerny vyhrava po} Bxh2 54. Rxh2 Qc1
55. Qa7+ Kf6 $19) 53. Qe2 Ra3 54. Qb2 Ra8 $2 (54... Rb3 $19) 55. Qe2 Qh4 56.
Nf1 Qg5 {Zde jsem chvili koukal na partiar, jestli to po 57.Jh2 nahodu neni
trikrat opakovana pozice, ale posledni vteriny na hodinach mi nedovolily
dostacujici kontrolu a tak jsem radeji hral dal. Az doma jsem zjistil, ze to
trikrat opakovana pozice opravdu byla viz 51., 55. a 57. tah.} 57. Nh2 Rh8 58.
Nf1 Rxh1 59. Kxh1 Qh4+ 60. Kg1 Qh3 61. Qg2 Qxg2+ $2 {
Tuhle koncovku jiz bily bez problemu udrzi.} ({
Jiste sance na vyhru by mel cerny jeste v damskem koncovce po} 61... Be3+ 62.
Nxe3 Qxe3+ 63. Kh2 Qf4+ 64. Kg1 Kf6) 62. Kxg2 Kf6 63. Ng3 Bd2 64. Ne2 Kg5 65.
Kg3 Be1+ 66. Kg2 Kh5 67. Kh2 Bf2 68. Kg2 Bb6 69. Kh2 Kg5 70. Kg2 Bd8 71. Kg3
Kh5 72. Ng1 Bh4+ 73. Kg2 Kg5 74. Ne2 Be1 75. Kh2 Bh4 76. Kg2 Kh5 77. Kh2 Kg5
78. Kg2 Kh5 79. Kh2 Kg5 1/2-1/2